000 00517nam a2200145 4500
001 4384
005 20181127173311.0
020 0 0 _a
090 0 0 _a248.27 A642m 2014
245 0 0 _aMetal products :
_bFrom the Himalayan kingdom of Bhutan catalogue - 2014 /
_cAgency for promotion of indigenous crafts.
_h
260 0 0 _aThimphu :
_bAgency for promotion of indigenous crafts, Ministry of Economic Affairs, Thimphu.
_c2014.
300 0 0 _a197 p. ; 22 cm.
500 0 0 _a
650 0 0 _aBuddhist art and symbolism Bhutan Exhibitions.
_x
999 _c3625
_d3625